[Event "Tata Steel-A 79th"]
[Site "Wijk aan Zee"]
[Date "2017.01.16"]
[Round "3"]
[White "Adhiban, Baskaran"]
[Black "Aronian, Levon"]
[Result "1/2-1/2"]
[WhiteElo "2653"]
[BlackElo "2780"]
[PlyCount "75"]
[EventDate "2017.01.14"]
[EventType "tourn"]
[EventRounds "13"]
[EventCountry "NED"]
[EventCategory "21"]
[SourceTitle "CBM 177"]
[Source "ChessBase"]
[SourceDate "2017.03.16"]
[SourceVersion "1"]
[SourceVersionDate "2017.03.16"]
[SourceQuality "1"]
[TimeControl "40/6000+30:20/3000+30:900+30"]

1. d4 {[%emt 0:00:00]} Nf6 {[%emt 0:00:08]} 2. Nf3 {[%emt 0:00:00]} d5 {
[%emt 0:00:07]} 3. Bf4 {[%emt 0:00:16]} c5 {[%emt 0:00:21]} 4. e3 {[%emt 0:00:
09]} Nc6 {[%emt 0:00:07]} 5. c3 {[%emt 0:05:58]} e6 {[%emt 0:00:09]} 6. Nbd2 {
[%emt 0:00:08]} Be7 {[%emt 0:00:08]} 7. Ne5 {[%emt 0:01:22]} Nd7 {[%emt 0:03:
31]} 8. Bd3 {[%emt 0:01:08]} O-O {[%emt 0:08:15]} 9. Qh5 {[%emt 0:06:44]} f5 {
[%emt 0:00:45]} 10. Ndf3 {[%emt 0:05:09]} Ndxe5 {[%emt 0:17:55]} 11. Nxe5 {
[%emt 0:00:06]} Nxe5 {[%emt 0:00:42]} 12. Bxe5 {[%emt 0:00:05]} Bd6 $146 {
[%emt 0:00:24]} (12... Bd7 13. f4 Qe8 14. Qe2 c4 15. Bc2 Qg6 16. O-O b5 17. Kh1
Be8 18. g4 Qxg4 19. Qxg4 fxg4 20. Rg1 Bf6 21. Bd6 Rf7 22. Rxg4 Rd7 23. Be5 Bxe5
24. fxe5 Bh5 25. Rh4 g6 26. Rf4 Rf8 27. Rxf8+ Kxf8 28. Rf1+ Rf7 29. Rxf7+ Kxf7
30. Kg2 h6 31. e4 g5 32. exd5 exd5 33. Bf5 Ke7 34. Kg3 Bf7 35. Kg4 Be8 36. Bc8
Bg6 37. Ba6 Be8 38. Kf5 Kf7 39. e6+ Ke7 40. Ke5 Bc6 41. Bc8 a5 42. a3 {Ernst,R
(2225)-Richert Goerttler,K Germany 1997 1-0}) 13. f4 {[%emt 0:10:36]} Bxe5 {
[%emt 0:02:02]} 14. fxe5 {[%emt 0:00:04]} Bd7 {[%emt 0:00:44]} 15. O-O {
[%emt 0:07:10]} Qb6 {[%emt 0:00:54]} 16. Rf2 {[%emt 0:05:04]} Bb5 {[%emt 0:00:
33]} 17. Bxb5 {[%emt 0:10:07]} Qxb5 {[%emt 0:00:12]} 18. Raf1 {[%emt 0:01:08]}
Qd3 {[%emt 0:11:48]} 19. Rf3 {[%emt 0:00:41]} Rf7 {[%emt 0:03:47]} 20. g4 {
[%emt 0:01:56]} Raf8 {[%emt 0:04:03]} 21. gxf5 {[%emt 0:01:10]} g6 {[%emt 0:00:
17]} 22. Qg5 {[%emt 0:22:39]} Rxf5 {[%emt 0:03:57]} 23. Rxf5 {[%emt 0:00:10]}
exf5 {[%emt 0:01:28]} 24. Qf4 {[%emt 0:04:38]} Qc4 {[%emt 0:21:23]} 25. a3 {
[%emt 0:05:06]} Qe2 {[%emt 0:01:21]} 26. Rf2 {[%emt 0:02:48]} Qd1+ {[%emt 0:00:
31]} 27. Kg2 {[%emt 0:01:14]} cxd4 {[%emt 0:04:23]} 28. cxd4 {[%emt 0:00:20]}
Rc8 {[%emt 0:05:20]} 29. Qf3 {[%emt 0:00:49]} Qb3 {[%emt 0:00:10]} 30. h4 {
[%emt 0:01:01]} Rc1 {[%emt 0:05:28]} 31. h5 {[%emt 0:00:36]} Re1 {[%emt 0:00:
54]} 32. hxg6 {[%emt 0:01:23]} hxg6 {[%emt 0:00:15]} 33. Re2 {[%emt 0:02:43]}
Rc1 {[%emt 0:04:00]} 34. Qg3 {[%emt 0:00:36]} Kg7 {[%emt 0:00:10]} 35. Qg5 {
[%emt 0:03:16]} Qd1 {[%emt 0:00:14]} 36. Qe7+ {[%emt 0:00:15]} Kh6 {[%emt 0:00:
26]} 37. Qh4+ {[%emt 0:00:29]} Kg7 {[%emt 0:00:05]} 38. Qe7+ 1/2-1/2

[Event "Tata Steel-A 79th"]
[Site "Wijk aan Zee"]
[Date "2017.01.17"]
[Round "4"]
[White "Aronian, Levon"]
[Black "Nepomniachtchi, Ian"]
[Result "1/2-1/2"]
[WhiteElo "2780"]
[BlackElo "2767"]
[PlyCount "55"]
[EventDate "2017.01.14"]
[EventType "tourn"]
[EventRounds "13"]
[EventCountry "NED"]
[EventCategory "21"]
[SourceTitle "CBM 177"]
[Source "ChessBase"]
[SourceDate "2017.03.16"]
[SourceVersion "1"]
[SourceVersionDate "2017.03.16"]
[SourceQuality "1"]
[TimeControl "40/6000+30:20/3000+30:900+30"]

1. d4 {[%emt 0:00:00]} Nf6 {[%emt 0:00:09]} 2. c4 {[%emt 0:00:00]} g6 {[%emt 0:
00:05]} 3. f3 {[%emt 0:00:00]} e6 {[%emt 0:00:25]} 4. Nc3 {[%emt 0:00:05]} c5 {
[%emt 0:00:06]} 5. d5 {[%emt 0:00:03]} d6 {[%emt 0:00:06]} 6. e4 {[%emt 0:00:
05]} Bg7 {[%emt 0:00:33]} 7. Nge2 {[%emt 0:00:06]} exd5 {[%emt 0:00:41]} 8.
cxd5 {[%emt 0:00:04]} a6 {[%emt 0:00:06]} 9. a4 {[%emt 0:00:04]} O-O {[%emt 0:
00:10]} 10. Ng3 {[%emt 0:00:07]} Nbd7 {[%emt 0:00:09]} 11. Be2 {[%emt 0:00:18]}
Ne8 {[%emt 0:00:21]} 12. O-O {[%emt 0:00:12]} Rb8 {[%emt 0:00:12]} 13. f4 {
[%emt 0:00:48]} Nc7 {[%emt 0:01:27]} 14. e5 {[%emt 0:02:29]} dxe5 {[%emt 0:00:
23]} 15. f5 {[%emt 0:00:14]} b5 $146 {[%emt 0:00:06]} (15... Nf6 16. fxg6 fxg6
17. Bg5 Nce8 18. Nge4 Nd6 19. Bxf6 Bxf6 20. Nxd6 Qxd6 21. Ne4 Qd8 22. d6 Bf5
23. Qd5+ Kg7 24. Nxc5 Qb6 25. Kh1 Qxb2 26. Bd3 b6 27. Bxf5 {1/2-1/2 (27)
Filgueira,H (2275)-Garcia,R Buenos Aires 1995}) 16. d6 {[%emt 0:12:25]} Ne8 {
[%emt 0:00:39]} 17. axb5 {[%emt 0:00:05]} axb5 {[%emt 0:11:26]} 18. Nce4 {
[%emt 0:00:25]} c4 {[%emt 0:07:53]} 19. Bg5 {[%emt 0:01:24]} Nef6 {[%emt 0:06:
10]} 20. Kh1 {[%emt 0:07:49]} Bb7 {[%emt 0:02:07]} 21. Bf3 {[%emt 0:00:43]}
Bxe4 {[%emt 0:06:37]} 22. Nxe4 {[%emt 0:00:15]} Qb6 {[%emt 0:03:21]} 23. Qe1 {
[%emt 0:14:59]} Nxe4 {[%emt 0:11:43]} 24. Bxe4 {[%emt 0:00:05]} Bf6 {[%emt 0:
09:50]} 25. Bh6 {[%emt 0:04:18]} Bg7 {[%emt 0:02:56]} 26. Bg5 {[%emt 0:04:06]}
Bf6 {[%emt 0:00:23]} 27. Bh6 {[%emt 0:19:27]} Bg7 {[%emt 0:00:54]} 28. Bg5 {
[%emt 0:08:13]} 1/2-1/2

[Event "Tata Steel-A 79th"]
[Site "Wijk aan Zee"]
[Date "2017.01.19"]
[Round "5"]
[White "Eljanov, Pavel"]
[Black "Aronian, Levon"]
[Result "0-1"]
[WhiteElo "2755"]
[BlackElo "2780"]
[PlyCount "74"]
[EventDate "2017.01.14"]
[EventType "tourn"]
[EventRounds "13"]
[EventCountry "NED"]
[EventCategory "21"]
[SourceTitle "CBM 177"]
[Source "ChessBase"]
[SourceDate "2017.03.16"]
[SourceVersion "1"]
[SourceVersionDate "2017.03.16"]
[SourceQuality "1"]
[TimeControl "40/6000+30:20/3000+30:900+30"]

1. Nf3 {[%emt 0:00:00]} d5 {[%emt 0:00:07]} 2. g3 {[%emt 0:00:00]} Nf6 {
[%emt 0:00:19]} 3. Bg2 {[%emt 0:00:00]} e6 {[%emt 0:00:04]} 4. O-O {[%emt 0:00:
14]} Be7 {[%emt 0:00:04]} 5. c4 {[%emt 0:00:18]} O-O {[%emt 0:00:06]} 6. d4 {
[%emt 0:00:16]} dxc4 {[%emt 0:00:06]} 7. Qc2 {[%emt 0:00:08]} a6 {[%emt 0:00:
05]} 8. a4 {[%emt 0:00:04]} Bd7 {[%emt 0:00:28]} 9. Qxc4 {[%emt 0:00:20]} Bc6 {
[%emt 0:00:19]} 10. Bf4 {[%emt 0:00:46]} Bd6 {[%emt 0:00:40]} 11. Qc1 {[%emt 0:
00:26]} Bxf4 {[%emt 0:05:41]} 12. Qxf4 {[%emt 0:00:16]} Qd6 {[%emt 0:00:19]}
13. Qc1 {[%emt 0:02:42]} Bd5 $146 {[%emt 0:10:17]} (13... Qb4 14. a5 b6 15. Qc3
bxa5 16. Rxa5 Qb7 17. Rc1 Bd5 18. Nbd2 Nc6 19. Rxd5 Nxd5 20. Qxc6 Qxb2 21. e4
Nb4 22. Qxc7 a5 23. Rb1 Qc2 24. Qxc2 Nxc2 25. Rb2 Rfc8 26. Bf1 Rc3 27. Be2 a4
28. Bd1 a3 29. Rxc2 a2 30. Nb3 Rxc2 31. Bxc2 Ra3 32. Nfd2 a1=Q+ 33. Nxa1 Rxa1+
34. Bb1 Ra4 35. Nb3 Rb4 36. Bc2 Rc4 37. Bd1 e5 38. Kf1 exd4 39. Ke2 g6 40. Kd3
Rc3+ 41. Kxd4 Rc8 42. Ke3 h5 43. Nd4 {Donchenko,A (2582)-Warakomski,T (2474)
Legnica 2015 1-0}) 14. Nc3 {[%emt 0:14:16]} Nc6 {[%emt 0:00:39]} 15. e3 {
[%emt 0:12:59]} Nb4 {[%emt 0:00:05]} 16. Qb1 {[%emt 0:06:34]} Qe7 {[%emt 0:02:
11]} 17. a5 {[%emt 0:03:32]} c5 {[%emt 0:05:49]} 18. Nxd5 {[%emt 0:02:18]}
Nfxd5 {[%emt 0:00:32]} 19. e4 {[%emt 0:04:14]} Nc7 {[%emt 0:03:24]} 20. dxc5 {
[%emt 0:01:34]} Qxc5 {[%emt 0:00:39]} 21. e5 {[%emt 0:03:11]} Qe7 {[%emt 0:10:
25]} 22. h4 {[%emt 0:02:56]} h6 {[%emt 0:02:51]} 23. Qe4 {[%emt 0:04:50]} Nb5 {
[%emt 0:02:08]} 24. Rfc1 {[%emt 0:11:40]} Rad8 {[%emt 0:14:01]} 25. Rc4 {
[%emt 0:06:27]} Nc6 {[%emt 0:03:08]} 26. Qf4 {[%emt 0:16:20]} Rd7 {[%emt 0:03:
09]} 27. Ne1 {[%emt 0:07:40]} Nbd4 {[%emt 0:02:21]} 28. Qe3 {[%emt 0:00:48]}
Rfd8 {[%emt 0:00:09]} 29. h5 {[%emt 0:01:45]} Nf5 {[%emt 0:12:53]} 30. Qc5 {
[%emt 0:01:32]} Qg5 {[%emt 0:00:05]} 31. Bxc6 {[%emt 0:02:52]} bxc6 {[%emt 0:
00:27]} 32. Qxc6 {[%emt 0:00:13]} Qxh5 {[%emt 0:06:56]} 33. Qf3 {[%emt 0:00:50]
} Qg5 {[%emt 0:02:02]} 34. b4 {[%emt 0:01:56]} Rd2 {[%emt 0:12:36]} 35. Qf4 {
[%emt 0:00:50]} Qxf4 {[%emt 0:01:23]} 36. Rxf4 {[%emt 0:00:36]} Rb2 {[%emt 0:
00:55]} 37. Rc1 {[%emt 0:02:17]} Nd4 {[%emt 0:01:24]} 0-1

[Event "chess.com Speed 1m+1spm 2017"]
[Site "Chess.com INT"]
[Date "2017.08.23"]
[Round "1.20"]
[White "Aronian, Levon"]
[Black "Nepomniachtchi, Ian"]
[Result "1-0"]
[WhiteElo "2789"]
[BlackElo "2751"]
[PlyCount "117"]
[EventDate "2017.05.03"]
[EventType "k.o. (blitz)"]
[EventRounds "4"]
[EventCountry "USA"]
[SourceTitle "EXT 2018"]
[Source "ChessBase"]
[SourceDate "2017.10.13"]
[SourceVersion "1"]
[SourceVersionDate "2017.10.13"]
[SourceQuality "1"]

1. d4 Nf6 2. Bf4 g6 3. Nc3 Bg7 4. e4 O-O 5. Nf3 d6 6. Be2 Nc6 7. O-O Bg4 8. d5
Bxf3 9. Bxf3 Na5 10. Be2 Nd7 11. Bd2 c5 12. Qe1 a6 13. Nd1 b6 14. Rb1 Nb7 15.
Ne3 b5 16. Kh1 c4 17. b3 cxb3 18. cxb3 Nbc5 19. f3 Ne5 20. Nc2 Rc8 21. Ba5 Qd7
22. Nb4 g5 23. Qd2 h6 24. Rbc1 f5 25. exf5 Qxf5 26. Nc6 Nxc6 27. dxc6 Ne6 28.
c7 Nf4 29. g3 Nxe2 30. Qxe2 Rf7 31. Qe4 Qd7 32. Qb7 Be5 33. Rfd1 Bxg3 34. hxg3
Qh3+ 35. Kg1 Qxg3+ 36. Kh1 Qh3+ 37. Kg1 Rxf3 38. Rd2 Rcf8 39. Rg2 R3f5 40. c8=Q
Qe3+ 41. Kh1 Rf4 42. Qd5+ Kh7 43. Qc2+ Kg7 44. Bc3+ e5 45. Rcg1 Rh4+ 46. Rh2
Rf2 47. Qe2 Qxe2 48. Rxh4 Rf1 49. Bxe5+ Kf8 50. Bxd6+ Ke8 51. Qc6+ Kf7 52. Qd7+
Kg6 53. Rhg4 Rxg1+ 54. Rxg1 Qf3+ 55. Rg2 Qd1+ 56. Kh2 Qh5+ 57. Qh3 Qd1 58. Qe6+
Kh5 59. Qe2+ 1-0

[Event "chess.com Speed 3m+2spm 2017"]
[Site "Chess.com INT"]
[Date "2017.08.23"]
[Round "1.14"]
[White "Aronian, Levon"]
[Black "Nepomniachtchi, Ian"]
[Result "1-0"]
[WhiteElo "2789"]
[BlackElo "2751"]
[PlyCount "95"]
[EventDate "2017.05.03"]
[EventType "k.o. (blitz)"]
[EventRounds "4"]
[EventCountry "USA"]
[SourceTitle "EXT 2018"]
[Source "ChessBase"]
[SourceDate "2017.10.13"]
[SourceVersion "1"]
[SourceVersionDate "2017.10.13"]
[SourceQuality "1"]

1. d4 Nf6 2. Bf4 g6 3. Nc3 Bg7 4. e4 d6 5. Nf3 O-O 6. Be2 Nfd7 7. O-O e5 8. Bg5
f6 9. Be3 Nc6 10. Qd2 Kh8 11. Rad1 f5 12. exf5 Rxf5 13. dxe5 Ndxe5 14. Nxe5
Nxe5 15. Bd4 Rf8 16. f4 Nc6 17. Bxg7+ Kxg7 18. Nd5 Be6 19. Qc3+ Kg8 20. Bc4 Qd7
21. Rfe1 Rf7 22. Rxe6 Qxe6 23. Nf6+ Rxf6 24. Bxe6+ Rxe6 25. Qb3 Rae8 26. Qxb7
Ne7 27. Qxc7 Nf5 28. Rd2 d5 29. Qxa7 d4 30. Qd7 R8e7 31. Qd5 Kg7 32. Kf2 Re1
33. Qc5 R7e4 34. a4 Rh1 35. Qc7+ Kh6 36. Re2 Ne3 37. Kf3 Re8 38. Qd7 Rf1+ 39.
Rf2 Rxf2+ 40. Kxf2 Nd1+ 41. Kf1 Re4 42. Qh3+ Kg7 43. Qf3 Ne3+ 44. Ke2 Re7 45.
Kd3 Nf5 46. Kd2 Ne3 47. b3 Rc7 48. Qe4 1-0

[Event "Norway Chess 5th"]
[Site "Stavanger"]
[Date "2017.06.14"]
[Round "7"]
[White "Karjakin, Sergey"]
[Black "Aronian, Levon"]
[Result "0-1"]
[WhiteElo "2781"]
[BlackElo "2793"]
[Annotator "Lenderman,A"]
[PlyCount "82"]
[EventDate "2017.06.06"]
[EventType "tourn"]
[EventRounds "9"]
[EventCountry "NOR"]
[EventCategory "22"]
[SourceTitle "CBM 179"]
[Source "ChessBase"]
[SourceDate "2017.07.12"]
[SourceVersion "1"]
[SourceVersionDate "2017.07.12"]
[SourceQuality "1"]

{I chose this game as the game of the day since it was not only a decisive
game but also a very high quality game by Levon who is in excellent form in
this tournament.} 1. e4 e5 2. Nf3 Nc6 3. Bc4 {These days the Italian Game has
probably taken over in popularity from the Ruy Lopez, mostly because of the
Berlin and the Marshall.} Bc5 4. O-O Nf6 5. d3 O-O 6. a4 a5 {The Aronian
speciality. Aronian has already played this move in several games, despite it
not being the most common move. According to my database the most common move
is the less committal 6...a6} (6... a6) (6... d6) (6... h6 {have also been
played.}) 7. Bg5 (7. c3 {was also played a few times against Aronian without
great opening success.} d5 8. exd5 Nxd5 9. Re1 Bg4 10. Nbd2 Nb6 11. Bb5 Bd6 12.
h3 Bh5 13. Ne4 (13. Bxc6 bxc6 14. Ne4 f5 15. Ng3 Bxf3 16. Qxf3 Qd7 $15 {
1/2 (80) Nepomniachtchi,I (2767)-Aronian,L (2785) Doha QAT 2016; was already
very comfortable for Black.}) 13... f5 14. Ng3 Bxf3 15. Qxf3 Ne7 16. Bg5 c6 $17
{1-0 (41) Vachier Lagrave,M (2804)-Aronian,L (2785) London ENG 2016; and Black
got an excellent opening even though in the end Black lost the game.}) 7... h6
8. Bh4 Be7 9. Bg3 d6 10. h3 Kh8 $5 {This move is already a foray into rare
territory, and according to my database is a novelty. Aronian is attempting to
improve on his own play. Before, two times against the same opponent, Fabiano
Caruana, including in the prelimiarly blitz event before the main tournament
in Norway, Aronian played 10...Nd7!?} (10... Nd7 11. Nc3 {White was a tiny bit
better here but Black can probably hold this.} (11. Re1 Kh8 12. c3 Nb6 13. Bb3
f5 14. exf5 Bxf5 15. d4 (15. Na3 $5 {might've been an improvement for White.})
15... e4 16. Nfd2 d5 17. f3 Bh4 $17 {1/2 (25) Caruana,F (2808)-Aronian,L (2793)
Stavanger NOR 2017, was very good for Black....}) 11... Nb6 12. Bb3 Kh8 13. d4
Nxd4 14. Nxd4 exd4 15. Qxd4 Bf6 16. e5 (16. Qd2) (16. Qe3) 16... dxe5 17. Qxd8
Rxd8 18. Rfe1 Be6 19. Bxe6 fxe6 20. Ne4 (20. Bxe5) 20... Kg8 21. Nc5 Rd5 {
1/2 (61) Caruana,F (2817) -Aronian,L (2774) Karlsruhe GER 2017; was already
good for Black.}) 11. c3 Nh7 {This is the point of ...Kh8. Now Black tries to
play for the kingside initiative.} 12. Qb3 f5 $1 {According to Playchess,
Black spent 12 minutes here. This is a pawn sacrifice though.} (12... Qe8 {
Maybe Black also considered something like this but of course this is an
awkward move and a concession.} 13. Nbd2 $14) 13. exf5 Bf6 $5 (13... Bxf5 {
was also probably possible.} 14. Nbd2 (14. Qxb7 {This is a bit dangerous for
White.} Bd7 15. Bd5 (15. Qb3 Rxf3 $1 16. gxf3 Rb8 17. Qc2 Bxh3 18. Re1 Bh4 $36
(18... Qf8 $36 {Black has a strong initiative.})) 15... Rb8 16. Qa6 Rb6 17. Qc4
Nf6 {Here Black is fine.} 18. Nbd2 (18. b3 $2 Nb8 $1) 18... Nxd5 19. Qxd5 Rxb2
$11) 14... Rb8 15. Rae1 {with a playable position for both.}) 14. Be6 {The
principled move.} (14. Nbd2 $5 {was also possible.}) 14... Ne7 15. Nh4 Qe8 16.
Bxc8 Rxc8 17. Ng6+ Nxg6 18. fxg6 Qxg6 19. Qxb7 Ng5 $5 {Black continues to play
ambitiously, down a pawn for long-term compensation in the form of piece
activity and the initiative. It worked great in this game. Very brave play by
Aronian!} (19... Qxd3 20. Qb5 e4 (20... Qxb5 21. axb5 Ra8 22. Nd2 $16 {is of
course not great for Black since White simply has the better game without
facing much counterplay.} Rfb8 23. c4 Ng5 24. Ra2 $14 {and Black's pawn on a5
is weak as well as his bishop on f6. This can be a problem with all Black's
pawns on the dark squares.}) 21. Qxa5 (21. Qxd3 exd3 22. Na3 {Here only White
can be better.}) 21... e3) 20. h4 Ne6 21. Qe4 Qh5 22. Nd2 Nf4 $1 {Of course
Black has to play energetically here to try to prove he has compensation for
his pawn.} 23. Bxf4 exf4 24. Qf3 $6 {This move seems to be the first
inaccuracy by White since eventually the queen on f3 might not be ideally
placed and Black will take on h4 eventually anyway.} (24. d4 $5 g5 $1 {seems
like Black's best reply.} (24... Bxh4 25. b4 $1 $14 {The point of d4. Now
White wants to create quick counterplay thanks to a passed a-pawn and White
seems to be doing well now.}) (24... Qxh4 25. Nf3 $16) 25. Rfe1 (25. hxg5 hxg5
26. Qd5 Kg7 $36 {is a bit dangerous for White.}) 25... Qxh4 26. f3 {with a
complex game but White seems fine, if not still better.}) 24... Qxh4 25. Rfe1
Rb8 (25... g5 {This move right away was also interesting.}) 26. Nc4 (26. Rab1
g5 27. Qc6 g4 28. Qxc7 Be5 29. Rxe5 dxe5 30. Qxe5+ Kg8 {is also very unclear
and as such is unlikely to be an improvement for White.}) 26... g5 $1 {Now
Black starts his initiative. Objectively the position is roughly equal but
probably Black has the edge here since he has the initiative.} 27. Re6 Bg7 28.
Rg6 $6 {Now this is probably already a serious practical inaccuracy since now
the e-file goes to Black and Black at the very least will have a serious
initiative if not already an advantage.} (28. Qh3 $11 {This was the simplest
route to clean equality.} Qxh3 29. gxh3 d5 30. Nxa5 Rxb2 31. d4 $11) (28. Rae1
g4 29. Qe4 f3 30. g3 Qh3 31. Ne3 Rxb2 32. Re8 {is also level.}) (28. Nxa5 $4 {
On the other hand is just a blunder because of} g4 29. Qd5 (29. Qe4 d5 30. Qxd5
g3 $19) 29... g3) 28... Rbe8 $1 29. d4 Kh7 $1 30. Qd3 Kg8 {After this nice
sequence of moves White is already in some trouble. However White's next move
doesn't make it easier for him.} 31. d5 $6 (31. Qf3 $1 {Here White should've
stalled Black's initiative at least for now.} Kf7 32. Qd3 Qh5 33. Qf5+ Kg8 34.
Qd5+ Kh8 35. Re6 Rxe6 36. Qxe6 g4 37. Re1 g3 38. Qh3 Qg6 $15 {Black is a bit
better but White can still fight.} 39. Na3 f3 40. Rf1 $1 {and White is still
defending succesfully although Black has the edge.}) 31... f3 {This move is
good enough for an advantage and it's very difficult for White to play, but I
wanted to mention that Black seemed to have another interesting viable
alternative here.} (31... g4 $5 {would also be quite hard to meet.} 32. Rd1 $1
{seems like practically the only move.} (32. g3 $2 Qh5 33. Re6 Rxe6 34. dxe6
fxg3 35. Qxg3 Rf3 $19) (32. Nxa5 $2 Re5 $19) (32. Rf1 Re7 33. Re6 Ref7 $1) (32.
Rb1 Qh5 33. Re6 g3 34. Qf3 Qh2+ 35. Kf1 Qh1+ {Because of this line, it's
really important for White to play Rd1.}) 32... Kh8 $3 {This move was very
hard to find though, and after it Black would still be much better.} (32... Qh5
{is less effective.} 33. Re6 g3 34. Qf3 gxf2+ 35. Kxf2) (32... Re7 33. Re6 Rxe6
(33... Ref7 34. Nxa5 g3 35. Qf3 {Here also White defends succesfully.}) 34.
dxe6 $15) 33. Re6 (33. g3 fxg3 34. Qxg3 (34. fxg3 $2 Qh3 $19) 34... Qxg3+ 35.
fxg3 Re4 36. Nxa5 Rf3 $17) 33... Rxe6 34. dxe6 g3 35. Qf3 Re8 36. Re1 Qh2+ 37.
Kf1 Qh1+ 38. Ke2 Rxe6+ 39. Ne3 Qh4 40. fxg3 fxg3 41. Qa8+ Kh7 42. Qxa5 Qe4 43.
Kd2 d5 $17 {and Black is much better thanks to his long-lasting initiative
against White's weak king.}) 32. gxf3 $6 {This makes matters worse for White.}
(32. g3 Qh3 33. Qf1 Qf5 34. Qb1 $2 (34. Re6 Qxd5 35. Re3 $1 $15 {White is
still almost ok, only slightly worse.} (35. Rxe8 Rxe8 36. Ne3 Qd2)) 34... Qxd5)
32... Rf4 33. Kg2 $6 {Likely following a faulty plan. At this point Sergey was
already in serious time pressure and this position is very unpleasant to play.
Sergey probably missed some of Levon's ideas.} (33. Nd2 {After this more
resilient move White can still fight on, although honestly speaking probably
not for that long.} Qh3 $1 {This is probably why Sergey played Kg2.} 34. Qf1
Qh5 35. Re6 Rb8 $19 {and Black is winning but at least White doesn't have to
resign right away. He's not losing by force yet.}) 33... Ref8 $1 {The only
winning move. Which means probably Levon had to see it when he played 31... f3}
(33... g4 $2 34. Rxg4 Rxg4+ 35. fxg4 Qxg4+ 36. Kf1 $11) 34. Nd2 ({It is
important of course that} 34. Rh1 {doesn't work because of} Rg4+ 35. fxg4 Qxf2+
36. Kh3 Rf3+ 37. Qxf3 Qxf3+ 38. Kh2 Qf2+ 39. Kh3 Qh4+ 40. Kg2 Qxg4+ 41. Kh2
Qh4+ 42. Kg2 Qe4+ $19) 34... g4 {Now it's completely over.} 35. Kg1 R8f5 $1 36.
Ne4 Rxf3 37. Qd4 Re5 $1 38. Ng3 Rxg3+ $1 39. fxg3 Qxg3+ 40. Kf1 Kh7 41. Rxg7+ (
41. Rxg4 Rf5+) (41. Qxg4 Qd3+) 41... Kxg7 {And White resigned since After ...
Kg6, the only way to stop a mating attack would be to give up the queen. A
brilliant game by Levon and now he's in prime position to win such a super
tournament!} 0-1

[Event "Saint Louis rapid"]
[Site "Saint Louis"]
[Date "2017.08.15"]
[Round "4"]
[White "Aronian, Levon"]
[Black "Kasparov, Garry"]
[Result "1/2-1/2"]
[WhiteElo "2799"]
[BlackElo "2812"]
[PlyCount "84"]
[EventDate "2017.08.14"]
[EventType "tourn (rapid)"]
[EventRounds "9"]
[EventCountry "USA"]
[EventCategory "21"]
[SourceTitle "CBM 180"]
[Source "ChessBase"]
[SourceDate "2017.09.13"]
[SourceVersion "1"]
[SourceVersionDate "2017.09.13"]
[SourceQuality "1"]

1. d4 Nf6 2. Bf4 c5 3. dxc5 Nc6 4. Nc3 e5 5. Bg5 Bxc5 6. e3 Bb4 7. Nge2 d5 8.
a3 Bxc3+ 9. Nxc3 Be6 10. Bb5 d4 11. Bxf6 Qxf6 12. Ne4 Qg6 13. Ng3 O-O 14. Qd3
Qxd3 15. Bxd3 f5 16. O-O-O dxe3 17. fxe3 a6 18. Ne2 e4 19. Nf4 exd3 20. Nxe6
dxc2 21. Kxc2 Rf7 22. Rhe1 Re8 23. Nf4 Rfe7 24. Nd5 Re5 25. Rd3 Kf7 26. g3 g5
27. Red1 Rd8 28. b4 Ree8 29. Rc3 Re6 30. Rc5 Re5 31. Rd3 Rd7 32. Nc3 Rxd3 33.
Kxd3 Rxc5 34. bxc5 Ke6 35. e4 Ne5+ 36. Ke2 Nd7 37. exf5+ Kxf5 38. Kd3 Nxc5+ 39.
Kd4 Nd7 40. Ne4 Kg4 41. h3+ Kxh3 42. Nxg5+ Kxg3 1/2-1/2